000 00692nam a2200241Ia 4500
003 OSt
005 20220925203845.0
006 a|||||r|||| 00| 0
007 ta
008 220923b |||||||| |||| 00| 0 eng d
037 _cGeneral Book
040 _aRTL
_cRTL
_beng
041 _2eng
_aeng
082 _aXM8.73.N6, K9
100 _aEpstein Edwin M
_9267178
245 0 _aCorporation in American politics
260 _aEnglewood
_bNew Jersey Prentice-hall
_c1969
300 _axiv, 365p
_ccm.
500 _aBIbliography p333-43; Appendix p329-32
650 _aMultinational
942 _hXM8.73.N6, K9
_cGB
_2CC
999 _c547947
_d547947